The future of Muslim civilisation / (Record no. 186218)

000 -LEADER
fixed length control field 01077 a2200205 4500
003 - CONTROL NUMBER IDENTIFIER
control field NUST
005 - DATE AND TIME OF LATEST TRANSACTION
control field 20230126132033.0
010 ## - LIBRARY OF CONGRESS CONTROL NUMBER
LC control number 80467724
020 ## - INTERNATIONAL STANDARD BOOK NUMBER
International Standard Book Number 0709901798 (pbk.)
020 ## - INTERNATIONAL STANDARD BOOK NUMBER
International Standard Book Number 0856648000 :
040 ## - CATALOGING SOURCE
Transcribing agency Nust
082 00 - DEWEY DECIMAL CLASSIFICATION NUMBER
Classification number 909.097671,SAR
100 1# - MAIN ENTRY--PERSONAL NAME
Personal name Sardar, Ziauddin.
9 (RLIN) 3869
245 14 - TITLE STATEMENT
Title The future of Muslim civilisation /
Statement of responsibility, etc. Ziauddin Sardar.
260 ## - PUBLICATION, DISTRIBUTION, ETC.
Place of publication, distribution, etc. London :
Name of publisher, distributor, etc. Croom Helm,
Date of publication, distribution, etc. c1979.
300 ## - PHYSICAL DESCRIPTION
Extent 288 p. :
Other physical details ill. ;
Dimensions 23 cm.
505 ## - FORMATTED CONTENTS NOTE
Formatted contents note Introduction (Page-13), The Parameters of Muslim Civilisation (Page-23), Parmenance and Change in Islam (Page-41), Dominant paradigms and Dominant Trends (Page-56), World Systems and the Muslim System (Page-76), Project Umran: Regenerating the Muslim System (Page-116), Planning for Future Generations (Page-130), A Research Approach for the Future (Page-151), The Future in the Past (Page-167), The Future in the Past (Page-167), The Future in the Present (Page-189), Goals of the Muslim System (Page-215), The Reason for Hope (Page-230).
650 #0 - SUBJECT ADDED ENTRY--TOPICAL TERM
Topical term or geographic name entry element Islam
Chronological subdivision 20th century.
942 ## - ADDED ENTRY ELEMENTS (KOHA)
Source of classification or shelving scheme
Koha item type Book
Call number prefix 909.097671,SAR
Holdings
Withdrawn status Lost status Source of classification or shelving scheme Damaged status Not for loan Permanent Location Current Location Shelving location Date acquired Full call number Barcode Date last seen Price effective from Koha item type Public note Total Checkouts
          Military College of Signals (MCS) Military College of Signals (MCS) General Stacks 12/12/2016 909.097671,SAR MCS20901 12/08/2016 12/12/2016 Book Almirah No.58, Shelf No.4  
          Military College of Signals (MCS) Military College of Signals (MCS) General Stacks 01/26/2023 909.097671,SAR MCS21786 01/26/2023 01/26/2023 Book Almirah No.58, Shelf No.4  
          Military College of Signals (MCS) Military College of Signals (MCS) General Stacks 01/26/2023 909.097671,SAR MCS7651 01/26/2023 01/26/2023 Book Almirah No.58, Shelf No.4  
© 2023 Central Library, National University of Sciences and Technology. All Rights Reserved.